000 00285nam a2200109Ia 4500
008 220120s9999||||xx |||||||||||||| ||und||
100 _aSamuel, Sudhakar
245 0 _aLogic Design
260 _aSanguine Technical publications
_bBangalore
300 _b130
650 _aPOLOTICAL SCIENCE
999 _c137274
_d137274